000
00242nam a22000977a 4500
008
231212b |||||||| |||| 00| 0 eng d
020
_a
9789389535396
100
_a
Jain Anima
_9
7734
245
_a
Science-6
260
_a
New Delhi
_b
Future Kids
_c
2023
999
_c
12511
_d
12511